书目信息 |
| 题名: |
UNIX & UnixWare 7基础教程
|
|
| 作者: | 金宁 编著 | |
| 分册: | ||
| 出版信息: | 北京 电子工业出版社 2006 |
|
| 页数: | 292页 | |
| 开本: | 26cm | |
| 丛书名: | ||
| 单 册: | ||
| 中图分类: | TP316.81 | |
| 科图分类: | ||
| 主题词: | UNIX操作系统--教材 | |
| 电子资源: | ||
| ISBN: | 7-121-02032-7 | |
| 000 | 00795nam0 2200217 450 | |
| 005 | 20070109081120.76 | |
| 010 | @a7-121-02032-7@dCNY32.00 | |
| 100 | @a20060829d2006 ekmy0chiy0120 ea | |
| 101 | 0 | @achi |
| 102 | @aCN@b110000 | |
| 105 | @aa z 000yy | |
| 200 | 1 | @aUNIX & UnixWare 7基础教程@AUNIX & UnixWare 7 Ji Chu Jiao Cheng@f金宁编著@FJin Ning Bian Zhu |
| 210 | @a北京@c电子工业出版社@d2006 | |
| 215 | @a292页@d26cm | |
| 300 | @a博文视点 | |
| 330 | @a本书是一本关于UNIX & UnixWare 7操作系统的基础教程。全书以自然、轻松、与读者交流的写作形式,合理地组织了UNIX & UnixWare 7操作系统自己应知的基本知识和需要掌握的实践技能等内容。 | |
| 606 | 0 | @aUNIX操作系统@y教材 |
| 690 | @aTP316.81@v4 | |
| 701 | 0 | @a金宁@AJin Ning@4编著 |
| 801 | 0 | @aCN@b中图数据@c20070109 |
| 905 | @a10447@dTP316.81@e1 | |
| UNIX & UnixWare 7基础教程/金宁编著.-北京:电子工业出版社,2006 |
| 292页;26cm |
| 博文视点 |
| ISBN 7-121-02032-7:CNY32.00 |
| 本书是一本关于UNIX & UnixWare 7操作系统的基础教程。全书以自然、轻松、与读者交流的写作形式,合理地组织了UNIX & UnixWare 7操作系统自己应知的基本知识和需要掌握的实践技能等内容。 |
| ● |
| 相关链接 |
|
|
|
|
正题名:UNIX & UnixWare 7基础教程
索取号:TP316.81/1
 
预约/预借
| 序号 | 登录号 | 条形码 | 馆藏地/架位号 | 状态 | 备注 |
| 1 | 0608475 | 206084752 | 第二样本阅览室/ [索取号:TP316.81/1] | 在馆 | |
| 2 | 0608476 | 206084761 | 第三借阅区/ [索取号:TP316.81/1] | 在馆 | |
| 3 | 0608477 | 206084770 | 第三借阅区/ [索取号:TP316.81/1] | 在馆 |